000 00521nam a2200181Ia 4500
999 _c28137
_d28137
003 OSt
005 20201119102337.0
008 190216s9999||||xx |||||||||||||| ||und||
020 _a8171806686
040 _coclc
082 _a920
_bMUR/L
100 _aMuraleedharan, Nellikkal
_96753
245 0 _aLokamanya Thilakan /
_cNellikkal Muralidharan
260 _bPoorna Publications,
_aKozhikode;
_c1998.
300 _a94p
650 _aJeeva Charithram
942 _cBK
_2ddc
_h920
_iMUR/L
_k920
_mMUR/L